000 00537nam a2200145Ia 4500
008 151213s9999 xx 000 0 und d
100 _aসাজাহান সাকিদার
245 _aবলি ও অন্যান্য তীরের সমীকরণ।
_cসাজাহান সাকিদার
260 _aঢাকা।
_bজনান্তিক।
_c2008
300 _a8690 p.
650 _aBangla
650 _aউপন্যাস
700 _aসাজাহান সাকিদার
999 _c4476
_d4476